Statistics for Countries of the Caucasus in 1500 with a Map

Click here to take the quiz!

General Stats

  • This quiz has been taken 84 times
  • The average score is 8 of 38

Answers on the Map

Answers color-coded by a green-red scale on the quiz's map according to % correct below.
Loading ...
 

Answer Stats

Country% Correct
Ottoman Empire
93%
Crimea
63%
Abkhazia
57%
Ossetia
51%
Golden Horde
50%
Circassia
47%
Shirvan
35%
Aq Qoyunlu
28%
Astrakhan
28%
Imereti
26%
Kakheti
24%
Safavids
22%
Guria
21%
Khundzia
21%
Mingrelia
18%
Kabardia
17%
Karachay
15%
Balkaria
15%
Kartli
14%
Samtskhe
13%
Svaneti
13%
Rutul
10%
Shaki
10%
Tarki
10%
Tabasaran
10%
Aguler
8%
Alty
8%
Dizak
8%
Khachen
8%
Kura
7%
Gulistan
7%
Durdzuki
7%
Varanda
7%
Jraberd
7%
Karakaitag
7%
Didoya
6%
Akhty
6%
Abazinia
6%

Score Distribution

Percentile by Number Answered

Percent of People with Each Score

Your Score History

You have not taken this quiz